000 01449nam a2200265Ia 4500
003 Ost
005 20260507075356.0
008 260507s9999||||xx |||||||||||||| ||und||
020 _a8463169957
040 _cfsecg
041 _aara
082 _a330
100 _aالسيد، ناظم حسن عبد
_eمؤلف
245 0 _aمحاسبة الجودة :
_bمدخل تحليلي /
_c ناظم حسن عبد السيد
260 _aعمان:
_bدار الثقافة للنشر والتوزيع,
_c2009
300 _a223 صفحة؛
_bإيضاحات ؛
_c25 سم
504 _aالملاحق ص213؛ المراجع ص217
520 _aمدخل تعريفي للجودة- الجذور الفلسفية ووجهات النظر حول الجودة- أهمية الجودة- مفهوم تكاليف الجودة ومكوناتها- مدخل تعريفي لقياس تكاليف الجودة- تحليل تكاليف الجودة- نتائج قياس وتحليل تكاليف الجودة- الاداء المالي- التوجهات الحديثة لقياس الأداء- مقاييس الاداء المالي- نتائج قياس وتحليل تكاليف الجودة وأثرها في تحسين الأداء المالي- دراسة حالة
653 _aالإيزو
653 _aالمحاسبة
653 _aجودة الإنتاج
653 _aضبط الجودة
653 _aمراقبة الإنتاج
942 _cكتاب
999 _c44228
_d44228